Dobrý deň, pán Vladimír Reisel!

Bibliographic Details
Main Authors: Hudík, Pavol, 1937- (ain), Reisel, Vladimír, 1919-2007 (Author)
Format: Article
Language:Slovak
PhysicalDescription:Fotogr.
ISSN:0862-5999
Subjects:

MARC

LEADER 00000nab a2200000 a 4500
001 vtls000731551
003 SK-MaSNL
005 20260303165630.0
008 140422c2000 xo 0 slo
015 |a SNBRB2000/09-23833 
035 |a CLN000083671 
040 |a SNKBUCL  |b slo  |c SNKBUCL  |e AACR2 
041 0 |a slo 
044 |a xo  |c SK 
080 |a 82:929:885.4  |2 1997 
080 |a 885.4:929  |2 1997 
100 1 |a Hudík, Pavol,  |d 1937-  |4 ain  |9 85415 
245 1 0 |a Dobrý deň, pán Vladimír Reisel!  |c Pavol Hudík, Vladimír Reisel 
300 |b Fotogr. 
505 0 |a Súčasťou rozhovoru báseň Samota / Vladimír Reisel 
600 1 7 |a Reisel, Vladimír,  |d 1919-2007  |2 snkbucl  |9 108091 
655 7 |a články z novín a časopisov  |2 snkbucl  |9 267496 
700 1 |a Reisel, Vladimír,  |d 1919-2007  |4 aut  |9 108091 
773 0 |t Literárny týždenník  |g Roč. 13, č. 13 (2000), s. 3  |x 0862-5999 
850 |a Slovenská národná knižnica v Martine 
852 |a SNK  |b KIS3GCP 
958 |a LX 
958 |a BX 
992 |a RBX 
999 |c 2072713  |d 2074643